Trova l'intruso - Quiz n°3 - Statistics

Statistiche generali
  • Questo quiz è stato fatto 78 volte
  • Il punteggio medio è 6 su 15
Statistiche sulle risposte
Domanda Risposta % Corretto
Qual è l'intruso? Limbo
89%
Qual è l'intruso? Audi
80%
Qual è l'intruso? Guerra Franco-Prussiana
77%
Qual è l'intruso? Noi andremo
69%
Qual è l'intruso? Triangolo
54%
Qual è l'intruso? Le Corbusier
40%
Qual è l'intruso? Proverbi
31%
Qual è l'intruso? Il Gattopardo
29%
Qual è l'intruso? Marco
26%
Qual è l'intruso? Enrico Berlinguer
17%
Qual è l'intruso? Induismo
17%
Qual è l'intruso? Galleria Borghese
14%
Qual è l'intruso? Tedesco
14%
Qual è l'intruso? Albicocca
6%
Qual è l'intruso? Atene
3%
Nessun quiz corrispondente trovato
Distribuzione punteggi
Percentuale di utenti per punteggio
Percentile per numero di risposta
I tuoi punteggi nel tempo
Non hai fatto questo quiz